000 00721nam a2200265Ia 4500
003 OSt
005 20221006150532.0
006 a|||||r|||| 00| 0
007 ta
008 221006b |||||||| |||| 00| 0 jpn d
020 _c¥5500
024 _a18,965
037 _bGift, Japan Foundation
_cTextual
040 _aEASL
_cEASL
_bjpn
041 _2jpn
_ajpn
082 _aP42:2, L0
100 _aMATSUMURA Akira Ed.
_9643622
245 0 _aKotengo gendaigo joshi jodoshi shosetsu
260 _aTokyo
_bGakutosha Japan
_c1970
300 _a917p.
_ccm.
490 _v JL
650 _aJL
942 _hP42:2, L0
_cTEXL
_2CC
999 _c1087051
_d1087051